000
00331nam a2200145Ia 4500
008
221030s9999 xx 000 0 und d
041
_a
English
082
_a
105.23
100
_a
Pk
245
0
_a
Inorganic Chemistry Digest
_c
by Pk
260
_b
Khosla Pub
_a
New Delhi
_c
1987
300
_a
164
650
_a
Chemistry
942
_c
BK
999
_c
1095
_d
1095